00857nam a22002177a 4500003000900000008004100009020001700050040007100067082001800138100001300156245004000169260003500209300002500244505024200269650002100511650001900532650002000551700001600571700001700587700003500604AR-CdUCM190304b ||||| |||| 00| 0 spa d a84-7367-08-6 aMUNICIPALIDAD PROVINCIAL DEL CUSCOcBIBLIOTECA MUNICIPAL DEL CUSCO a333.1 /bG729 aGrac, P. aLa cuestión agraria y campesina / aBarcelona :bFontamara,c1979. a96 paginas ;c17 cm. aLa estructura agraria : terreno predilecto de la producción ideológica -- La violencia en la reforma agraria -- La amplitud de la reforma agraria -- Una reforma agraria Lograda -- El problema del campesino en la formación social... aReforma agraria  aEl campesinado aEl proletariado aArdling, G. aCavailhes, J aOlcina Aya, Emilio (Traductor)